000 00323cam a22001097a 4500
008 180718b1954 xxu||||| |||| 00| 0 eng d
082 _aR603x5413 B489
245 _aBihar shops and establishments act, 1953
_cby Law Department
260 _aPatna
_bGovernment of Bihar
_c1954
300 _a28p
700 _aBihar, Law Department
999 _c496147
_d496147